عالم الترجمة / (رقم التسجيلة. 8993)
[ عرض عادي ]
| 000 -LEADER | |
|---|---|
| fixed length control field | 00649nam a22002057a 4500 |
| 005 - DATE AND TIME OF LATEST TRANSACTION | |
| control field | 20251108164317.0 |
| 008 - FIXED-LENGTH DATA ELEMENTS--GENERAL INFORMATION | |
| fixed length control field | 250721s1998 xx 000 0 ara d |
| 082 14 - DEWEY DECIMAL CLASSIFICATION NUMBER | |
| Classification number | 418.02/عال |
| 100 1# - MAIN ENTRY--PERSONAL NAME | |
| Personal name | الشناق، عبد الله |
| Relator term | محرر |
| 245 10 - TITLE STATEMENT | |
| Title | عالم الترجمة / |
| 264 1# - PRODUCTION, PUBLICATION, DISTRIBUTION, MANUFACTURE, AND COPYRIGHT NOTICE | |
| Place of production, publication, distribution, manufacture | عمان : |
| Name of producer, publisher, distributor, manufacturer | جمعية المترجمين الأردنيين، |
| Date of production, publication, distribution, manufacture, or copyright notice | 1998. |
| 300 ## - PHYSICAL DESCRIPTION | |
| Extent | مج1. |
| 650 17 - SUBJECT ADDED ENTRY--TOPICAL TERM | |
| Topical term or geographic name as entry element | الترجمة |
| 650 17 - SUBJECT ADDED ENTRY--TOPICAL TERM | |
| Topical term or geographic name as entry element | اللغة العربية |
| 650 17 - SUBJECT ADDED ENTRY--TOPICAL TERM | |
| Topical term or geographic name as entry element | اللغة الإنجليزية |
| 700 1# - ADDED ENTRY--PERSONAL NAME | |
| Personal name | الكرمي، زهير |
| Relator term | تحرير |
| 700 1# - ADDED ENTRY--PERSONAL NAME | |
| Personal name | الصرايرة، محمد |
| Relator term | تحرير |
| 942 ## - ADDED ENTRY ELEMENTS (KOHA) | |
| Source of classification or shelving scheme | Dewey Decimal Classification |
| Koha item type | كتب |
| حالة السحب | حالة الفقدان | مصدر التصنيف | حالة التلف | غير قابل للإعارة | المكتبة الرئيسية | المكتبة الحالية | موقع الرف | تاريخ التزويد | الرقم المتسلسل | Total Checkouts | رقم الإستدعاء | تاريخ آخر ظهور | تاريخ الفاتورة | نوع المادة (كوها) | الباركود |
|---|---|---|---|---|---|---|---|---|---|---|---|---|---|---|---|
| Dewey Decimal Classification | Unchecked | مكتبة أبو علندا العامة | مكتبة أبو علندا العامة | الإعارة | 06/07/2004 | 2550 | 418.02/عال | 28/07/2025 | 06/07/2004 | كتب | |||||
| Dewey Decimal Classification | Unchecked | مكتبة أم قصير والمقابلين العامة | مكتبة أم قصير والمقابلين العامة | الإعارة | 06/07/2004 | 5662 | 418.02/عال | 28/07/2025 | 06/07/2004 | كتب | |||||
| Dewey Decimal Classification | مكتبة الأميرة ايمان العامة | مكتبة الأميرة ايمان العامة | الإعارة | 30/09/2013 | [11553] | 418.02/عال | 28/07/2025 | 30/09/2013 | كتب | PLD00280542 | |||||
| Dewey Decimal Classification | Unchecked | مكتبة الاميرة بديعة | مكتبة الاميرة بديعة | الإعارة | 06/07/2004 | 7241 | 418.02/عال | 28/07/2025 | 06/07/2004 | كتب | |||||
| Dewey Decimal Classification | مكتبة الجويدة | مكتبة الجويدة | الإعارة | 14/06/2015 | (7121) | 418.02/عال | 28/07/2025 | 14/06/2015 | كتب | PLD00330922 | |||||
| Dewey Decimal Classification | مكتبة الحسن العامة | مكتبة الحسن العامة | الإعارة | 06/07/2004 | 11838 | 418.02/عال | 28/07/2025 | 06/07/2004 | كتب | DUP-01_11838 | |||||
| Dewey Decimal Classification | مكتبة الراية الهاشمية للأطفال | مكتبة الراية الهاشمية للأطفال | الأطفال | 28/07/2025 | 309720 | 418.02/عال | 28/07/2025 | 28/07/2025 | كتب | 309720 | |||||
| Dewey Decimal Classification | مكتبة بدر الجديدة للأطفال | مكتبة بدر الجديدة للأطفال | الأطفال | 19/09/2015 | 309708 | 418.02/عال | 28/07/2025 | 19/09/2015 | كتب | PLD00348808 | |||||
| Dewey Decimal Classification | مكتبة حمزة العامة | مكتبة حمزة العامة | الإعارة | 02/02/2016 | (6842) | 418.02/عال | 28/07/2025 | 02/02/2016 | كتب | PLD00371162 | |||||
| Dewey Decimal Classification | مكتبة صويلح العامة | مكتبة صويلح العامة | الإعارة | 20/05/2019 | {14513} | 418.02/عال | 28/07/2025 | 20/05/2019 | كتب | PLD00453171 | |||||
| Dewey Decimal Classification | مكتبة وادي السير العامة | مكتبة وادي السير العامة | الإعارة | 05/04/2016 | [8134]..... | 418.02/عال | 28/07/2025 | 05/04/2016 | كتب | PLD00384539 |